| 000 | 00526nam a2200205 i 4500 | ||
|---|---|---|---|
| 001 | bg | ||
| 100 | 1 | _aEVANS, Robert Crispin | |
| 245 | 0 |
_aEinführung in die Kristallchemie / _cR. C. Evans. |
|
| 250 | _aubers. u. bearb. | ||
| 260 |
_aBerlin : _bWalter de Gruyter, _c1976. |
||
| 490 | 1 | _aDe Gruyter Lehrbuch | |
| 830 | _aDe Gruyter Lehrbuch | ||
| 020 | _a30110039761 | ||
| 040 | _cBPK | ||
| 041 | _apol | ||
| 080 | _a541:548 | ||
| 920 | _a3-011-003976-1 | ||
| 942 | _cKS | ||
| 008 | s pl f |000 0 pol | ||
| 999 |
_c20440 _d20440 |
||
| 856 |
_uhttp://koha.tu.koszalin.pl/cgi-bin/koha/opac-detail.pl?biblionumber=20440 _yKatalog online BPK |
||